Cinco lecciones de filosofía

Saved in:
Bibliografiske detaljer
Hovedforfatter: Zubiri, Xavier (Author)
Format: Bog
Sprog:spansk
Udgivet: Madrid Alianza 1982
Udgivelse:2a. ed
Serier:El Libro de Bolsillo. Sección Humanidades, 783
Fag:
Tags: Tilføj Tag
Ingen Tags, Vær først til at tagge denne postø!

MARC

LEADER 00000cam a2200000 a 4500
001 UCO6429
003 CL-VaPUC
005 20241127085255.0
008 001020e19820000SP |||||||||||||||||spa|d
999 |c 291961  |d 291959 
020 |a 8420617830 
040 |c Pontificia Universidad Católica de Valparaíso 
082 0 4 |a 102  |b ZUB  |2 21 
100 0 |a Zubiri, Xavier  |e author  |9 216 
245 1 0 |a Cinco lecciones de filosofía 
250 |a 2a. ed 
260 |a Madrid  |b Alianza  |c 1982 
300 |a 277 p 
490 0 |a El Libro de Bolsillo. Sección Humanidades, 783 
583 |a last modification  |c 20150409 05:27:32  |k Rodrigo Vera 
600 0 |a Aristóteles,  |d 384 a.C.- 322 a.C.  |9 194 
600 0 |a Comte, Auguste  |9 334591 
600 0 |a Bergson, Henri-Louis  |9 318450 
600 0 7 |a  Husserl, Edmund   |d 1859-1938  |9 575718 
600 0 |a Kant, Immanuel,  |d 1724-1804  |9 858687 
650 0 |a Aristotelismo  |9 347069 
650 0 |a Kantismo  |9 311003 
650 0 |a Positivismo  |9 269460 
650 0 |a Fenomenología  |9 256519 
650 0 |a Metafísica  |9 265649 
852 |a BIBCUR 
942 |c BK  |2 ddc 
945 |d 20001020 00:00:00  |a crobeson 
952 |0 0  |1 0  |4 0  |6 102_000000000000000_ZUB_1982  |7 0  |8 P  |9 342322  |a BIBARQ  |b BIBARQ  |d 2019-11-20  |i 1227246  |o 102 ZUB 1982  |p 1227246  |r 2025-01-20  |w 2019-11-20  |y BK  |k ARQ 
952 |0 0  |1 0  |3 erb  |4 0  |6 102_000000000000000_ZUB_1982  |7 0  |8 A  |9 342323  |a BIBEDU  |b BIBEDU  |e Villagrán Garnham, Jorge  |i 5159709  |l 1  |o 102 ZUB 1982  |p 5159709  |r 2023-06-06  |s 2023-05-30  |w 2019-11-20  |y BK  |z Catalogado en:20150416  |k FIL